Govt. of
Madhya Pradesh

Language Linguistics And Literature (Record no. 3623)

MARC details
000 -LEADER
fixed length control field 004700000a22001810004500
003 - CONTROL NUMBER IDENTIFIER
control field MACL
005 - DATE AND TIME OF LATEST TRANSACTION
control field 20150813153342.0
008 - FIXED-LENGTH DATA ELEMENTS--GENERAL INFORMATION
fixed length control field 150813b xxu||||| |||| 00| 0 eng d
040 ## - CATALOGING SOURCE
Original cataloging agency MACL
Transcribing agency MACL
041 ## - LANGUAGE CODE
Language code of text/sound track or separate title English
082 ## - DEWEY DECIMAL CLASSIFICATION NUMBER
Classification number 400/KAP
100 ## - MAIN ENTRY--PERSONAL NAME
Personal name Kapoor, Kapil
9 (RLIN) 5223
245 ## - TITLE STATEMENT
Title Language Linguistics And Literature
Remainder of title The Indian Perspective
260 ## - PUBLICATION, DISTRIBUTION, ETC. (IMPRINT)
Name of publisher, distributor, etc. Academic Foundation
Date of publication, distribution, etc. 1994
Place of publication, distribution, etc. New Delhi
350 ## - PRICE (NR) (BK AM CF MU VM SE) [OBSOLETE]
Price 395
650 ## - SUBJECT ADDED ENTRY--TOPICAL TERM
Topical term or geographic name as entry element Language
9 (RLIN) 81
942 ## - ADDED ENTRY ELEMENTS (KOHA)
Koha item type Books
Call number prefix 400
Source of classification or shelving scheme
Holdings
Withdrawn status Lost status Source of classification or shelving scheme Damaged status Not for loan Home library Current library Date acquired Cost, normal purchase price Total Checkouts Full call number Barcode Date last seen Uniform Resource Identifier Price effective from Koha item type
          MACL MACL 15/04/2015 395.00   400/KAP CRE007562 02/05/2024 3605 15/04/2015 Books